000 00677nam a2200205Ia 4500
001 11701
003 GE_BSU
008 181216s||||||||xx |||||||||||||| ||und||
040 _cGE_BSU
245 _aМолекулярная генетика микробиология и вирусология №3. 2014
245 _cГл. ред.Костров С.В.
260 _aМосква
260 _bМедицина
260 _c2014
300 _a40стр.30см.
653 _aМолекулярная генетика микробиология и вирусология №3. 2014
653 _aПериодика
653 _aპერიოდიკა
942 _cCR
999 _c44884
_d44884